000 00611nam a2200241 i 4500
001 C2-0264925
003 PPAK
005 20180727233038.0
008 050525s2004 nyu |||| ||||| | eng d
020 _a0316001031
040 _aPPAK
_beng
_cPPAK
_erda
082 0 4 _a823
_223
090 0 0 _a823
_bSHR
_dG
100 1 _aShreve, Anita,
_eauthor
245 1 0 _aLight on snow
264 1 _aNew York :
_bBack Bay Books ,
_c2004
300 _a269 pages ;
_c17 cm
336 _2rdacontent
_atext
337 _2rdamedia
_aunmediated
338 _2rdacarrier
_avolume
650 1 0 _aEnglish fiction
942 _ddc
_cB
999 _c74573
_d74573